Statistics for World War 2

Click here to take the quiz!

General Stats

  • This quiz has been taken 1,691 times
    (1,675 since last reset)
  • The average score is 13 of 15

Answer Stats

HintAnswer% Correct
Which man started WW2 in europeAdolf Hitler
99%
What was the first country Germany invaded during WW2Poland
99%
Which country used BlitzkriegGermany
96%
Which year did the US entered the war1941
95%
Did France surrender during WW2Yes
95%
Who was the closest ally of germanyItaly
94%
Which country first arrived at Berlin and end the war in EuropeSoviet Union
92%
Who is the fascist dictator of italy during WW2Benito Mussolini
90%
Who was the prime minister of the UK during WW2Wiston Churchill
88%
Which religion was the ones deemed as misfits in GermanyJews
86%
What is the other name for Battle of NormandyD-Day
84%
Which countries formed "The third Reich" Germany and _________Austria
82%
What is the deadliest battle during WW2Stalingrad
76%
Which country was Anne Frank in when she was hidding from the NazisThe Netherlands
76%
What was the first step to Japans invasion of the worldInvade China
72%

Score Distribution

Percentile by Number Answered

Percent of People with Each Score

Your Score History

You have not taken this quiz since the last reset